Estudio de tránsito del periférico, iniciando en la zona 7 y finalizando en la zona 8 de la ciudad de Quetzaltenango, Quetzaltenanago / (Registro nro. 2371)

Detalles MARC
000 -LEADER
campo de control de longitud fija 02439nam a22003377a 4500
001 - NÚMERO DE CONTROL
campo de control 42835
003 - IDENTIFICADOR DE NÚMERO DE CONTROL
campo de control gtgccic
005 - FECHA Y HORA DE LA ÚLTIMA TRANSACCIÓN
campo de control 20251021155050.0
007 - CAMPO FIJO DE DESCRIPCIÓN FÍSICA--INFORMACIÓN GENERAL
campo de control de longitud fija ta
008 - DATOS DE LONGITUD FIJA--INFORMACIÓN GENERAL
campo de control de longitud fija 251021b gt ||||| |||| 00| 0 spa d
040 ## - FUENTE DE CATALOGACIÓN
Centro catalogador/agencia de origen gtgccic
Lengua de catalogación spa
Centro/agencia transcriptor gtgccic
Normas de descripción rda
084 ## - OTRO NÚMERO DE CLASIFICACIÓN
Número de control del registro de autoridad o número normalizado TPI-15-0074
100 10 - ENTRADA PRINCIPAL--NOMBRE DE PERSONA
Nombre de persona Julianne Mcdamara Anleu Hernández
Fechas asociadas al nombre Ingeniera Civil
Término indicativo de función/relación autor
245 10 - MENCIÓN DEL TÍTULO
Título Estudio de tránsito del periférico, iniciando en la zona 7 y finalizando en la zona 8 de la ciudad de Quetzaltenango, Quetzaltenanago /
Mención de responsabilidad, etc. Anleu Hernández, Julianne Mcdamara
264 #1 - PRODUCCIÓN, PUBLICACIÓN, DISTRIBUCIÓN, FABRICACIÓN Y COPYRIGHT
Producción, publicación, distribución, fabricación y copyright Guatemala, Guatemala :
Nombre del de productor, editor, distribuidor, fabricante USAC, Facultad de Ingeniería ;
Fecha de producción, publicación, distribución, fabricación o copyright 2015.-
300 ## - DESCRIPCIÓN FÍSICA
Extensión xxxvi, 102 p. :
Otras características físicas il. ;
Dimensiones 27 cm
336 ## - TIPO DE CONTENIDO
Fuente rdacontenido
Término de tipo de contenido Texto
Código de tipo de contenido txt
337 ## - TIPO DE MEDIO
Fuente rdamedio
Nombre/término del tipo de medio sin mediación
Código del tipo de medio n
338 ## - TIPO DE SOPORTE
Fuente rdasoporte
Nombre/término del tipo de soporte volumen
Código del tipo de soporte nc
502 ## - NOTA DE TESIS
Nota de tesis Tesis Postgrado
Tipo de título MAESTRA EN INGENIERÍA VIAL
Nombre de la institución que otorga el título USAC, Facultad de Ingeniería, Escuela de Postgrado
Año de obtención del título 2015
Identificador de la tesis TPI-15-0074
504 ## - NOTA DE BIBLIOGRAFÍA, ETC.
Nota de bibliografía, etc. Nota bibliografía pag. 87
505 ## - NOTA DE CONTENIDO CON FORMATO
Título 1. MARCO TEÓRICO: GENERALIDADES DE LOS CONTEOS DE TRÁNSITO
505 ## - NOTA DE CONTENIDO CON FORMATO
Título 2. ESTUDIO DE TRÁNSITO DEL PROYECTO EN INVESTIGACIÓN
505 ## - NOTA DE CONTENIDO CON FORMATO
Título 3. PRESENTACIÓN DE RESULTADOS
505 ## - NOTA DE CONTENIDO CON FORMATO
Título 4. DISCUSIÓN DE RESULTADOS
520 #3 - RESUMEN, ETC.
Sumario, etc. En la ciudad de Quetzaltenango el crecimiento demográfico, genera el problema de tránsito debido al incremento en el parque vehicular, lo cual provoca severos congestionamientos. El tramo en estudio se ubica en las estaciones: 5+000 y 8+800 de la ciudad de Quetzaltenango, delimitado desde la rotonda ubicada cerca de Centro Regional de Justicia en el límite de las zonas seis y siete, finalizando en la rotonda de la licorera Botrán entre las zonas ocho y nueve de la ciudad de Quetzaltenango. El crecimiento vehicular se justifica, ya que este departemento es el segundo más importante de Guatemala y ofrece diversos centros educativos con varias carreras disponibles, con diversidad de precios lo que implica un punto importante para los estudiantes, tanto de educación media como carreras técnica y univeritarias, como un lugar atractivo para la superación académica. Otro factor importante de resaltar es que debido a la ubicación, acceso y diversificación de productos agrícolas en el departamento éste se ha convertido en un punto de abastecimiento para distribución regional.
650 ## - PUNTO DE ACCESO ADICIONAL DE MATERIA--TÉRMINO DE MATERIA
Término de materia o nombre geográfico como elemento de entrada TRÁNSITO
700 ## - ENTRADA AGREGADA--NOMBRE PERSONAL
Nombre de persona Msc. Damaris Noemí Monzón Méndez
Término indicativo de función/relación asesor
942 ## - ELEMENTOS DE ENTRADA SECUNDARIOS (KOHA)
Fuente de la clasificación o esquema de estantería Clasificación Decimal Dewey
Tipo de ítem Koha TESISPOSTGRADO
945 ## - PROCESAMIENTO DE INFORMACIÓN LOCAL (OCLC)
a amlo
Existencias
Estatus retirado Estado de pérdida Fuente de la clasificación o esquema de estantería Estado de daño No para préstamo Biblioteca de origen Biblioteca actual Fecha de adquisición Número de inventario Total de préstamos Signatura topográfica completa Código de barras Visto por última vez Precio de reemplazo Tipo de ítem Koha Nota pública
    Clasificación Decimal Dewey     CENTRO DE INFORMACIÓN A LA CONSTRUCCIÓN-CICON CENTRO DE INFORMACIÓN A LA CONSTRUCCIÓN-CICON 21/10/2025 P20150074   TPI-15-0074 20150074 21/10/2025 21/10/2025 TESISPOSTGRADO disponible